Biggest Cities in East Africa - Statistics

General Stats
  • This quiz has been taken 79 times
  • The average score is 14 of 27
Answer Stats
Population City % Correct
4.29m Addis Ababa
99%
6.7m Dar es Salaam
99%
4.74m Nairobi
97%
2.28m Mogadishu
95%
3.3m Kampala
92%
5.83m Khartoum
90%
1.3m Mombasa
88%
576k Djibouti
85%
1.13m Kigali
84%
963k Asmara
82%
403k Juba
73%
3.37m Antananarivo
55%
705k Zanzibar
55%
484k Port Sudan
51%
989k Hargeisa
41%
493k Arusha
37%
1.12m Mwanza
37%
408k Dire Dawa
27%
923k Nyala
16%
566k Mbeya
15%
524k Mekelle
11%
409k Morogoro
11%
434k Toamasina
10%
499k Berbera
8%
481k El Obeid
7%
471k Kismayo
7%
666k Merca
3%
No matching quizzes found
Score Distribution
Percent of People with Each Score
Percentile by Number Answered
Your Score History
You have not taken this quiz